00422cam a2200157ua 4500041001000000082001900010100002900029245008700058250001200145260004300157300001200200504000500212700002100217942000700238999001900245 aengh a828.09bGRI/PE aGrierson, Herbert J C . aPersonal note or first and last words / cHerbert Grierson J C.hTextual Documents a1 / b. aLondon : bChatto and Windus , c1946. a190 ; . a1 aWason, Sandys . cBK c331140d331140